000 00650nam a2200193Ia 4500
003 GCL
005 20240530104413.0
008 140319s9999 xx 000 0 ara d
040 _aGCL /
_cGCL
082 0 4 _a330.956
_bم ا
100 1 _aمحمد دويدار
245 1 0 _aالاقتصاديات العربية وتحديات الثمانينات :
_bالبترول العربى : نعمه ام نقمه /
_cمحمد دويدار
260 _a[S.N] :
_bمكتبه النهضه المصريه ،
_c1982
300 _a105 ص
650 0 4 _aالعالم العربى
650 0 4 _aالاقتصاد
650 0 4 _aالبترول
942 _2ddc
_cBK
999 _c47310
_d47310